000 00283nam a2200121Ia 4500
008 240614s9999 xx 000 0 und d
041 _aeng
100 _aBhagat, Chetan
245 _aOne Indian Girl
260 _bRupa Publication
_c2016
_aPune
300 _a272
650 _aGeneral
999 _c358717
_d358717